| 000 | 00841nam a22001577a 4500 | ||
|---|---|---|---|
| 003 | OSt | ||
| 005 | 20161022092636.0 | ||
| 008 | 161022b xxu||||| |||| 00| 0 eng d | ||
| 040 | _cRUA | ||
| 082 | _aVEM PHO 2015 B483 Or.1 | ||
| 100 |
_910820 _aPHON SONARA; ផុន សុណារ៉ា |
||
| 245 | _aStudy on new castle disease and antibodies of local chicken by using HA and HI- test in roka kpus commune, saang district, kandal province; សិក្សាពីជំងឺញូវកាស និងអង់ទីគ័ររបស់មាន់ក្នុងស្រុកមានតាមរយៈ HA និងHI test ក្នុងឃុំរកាខ្ពស់ ស្រុកស្អាង ខេត្តកណ្តាល | ||
| 260 |
_aPhnom Penh _bRUA _c2015 |
||
| 300 |
_axi; 39p; _bill; _c29cm; |
||
| 942 |
_2ddc _cVEM |
||
| 999 |
_c10413 _d10413 |
||